| 000 | 00890nam a22001577a 4500 | ||
|---|---|---|---|
| 003 | OSt | ||
| 005 | 20151008093239.0 | ||
| 008 | 151008b xxu||||| |||| 00| 0 eng d | ||
| 040 | _cRUA | ||
| 082 | _aAVM LEA 2006 B078 Or.1 | ||
| 100 |
_92338 _aLEAV, PHANITH. |
||
| 245 | _aComparing between vitamin ad3e and b-complex on growth the piglets performance after weaning at sann sary farm ponhea lueu district, kandal province (ប្រៀបធៀបការបន្ថែមវីតាមីនអាដេអឺនិងបេកុំផ្លិចលើការលូតលាស់របស់កូនជ្រូកក្រោយពេលផ្ដាច់ដោះនៅកសិដ្ឋានសាន់សារីស្រុកពញាឭខេត្តកណ្ដាល) | ||
| 260 |
_aPhnom Penh _bRUA _c2006 |
||
| 300 |
_axii, 39p. _bill. _c29cm. |
||
| 942 |
_2ddc _cAVM |
||
| 999 |
_c2205 _d2205 |
||